Jannik Sinner titles: opponents and scores - Statistics

General Stats
  • This quiz has been taken 63 times
    40 since last reset
  • The average score is 24 of 52
Answer Stats
Tournament Opponent and score % Correct
Croatia Open, Umag 2022 (Atp 250) Carlos Alcaraz
100%
China Open, Beijing 2024 (Atp 500) Carlos Alcaraz
100%
Roland Garros, Paris 2025 (Grand Slam) Carlos Alcaraz
100%
Wimbledon, London 2025 (Grand Slam) Carlos Alcaraz
100%
Australian Open, Melbourne 2025 (Grand Slam) Alexander Zverev
92%
Rotterdam Open, Rotterdam 2023 (Atp 500) Daniil Medvedev
88%
Miami Open, Miami 2023 (Atp Masters 1000) Daniil Medvedev
88%
China Open, Beijing 2023 (Atp 500) Daniil Medvedev
88%
Vienna Open, Vienna 2023 (Atp 500) Daniil Medvedev
88%
Australian Open, Melbourn 2024 (Grand Slam) Daniil Medvedev
88%
Atp Finals, Turin 2023 (Atp Finals) Novak Djokovic
88%
Shangai Master, Shangai 2024 (Atp Masters 1000) Novak Djokovic
88%
Us Open, New York 2024 (Grand Slam) Taylor Fritz
88%
Atp Finals, Turin 2024 (Atp Finals) Taylor Fritz
88%
Cincinnati Open, Cincinnati 2024 (Atp Masters 1000) Frances Tiafoe
81%
Miami Open, Miami 2024 (Atp Masters 1000) Grigor Dimitrov
73%
Canadian Open, Toronto 2023 (Atp Masters 1000) Alex De minaur
65%
Rotterdam Open, Rotterdam 2024 (Atp 500) Alex De Minaur
65%
Miami Open, Miami 2021 (Atp Masters 1000) Hubert Hurkacz
65%
Halle Open, Halle 2024 (Atp 500) Hubert Hurkacz
65%
Won 46646464
62%
Won 6464
50%
Won 6364
42%
Won 7663
42%
Won 7663
42%
Sofia Open 2021 (Atp 250) Gael Monfils
42%
Won 7664
38%
Lost 3636
35%
Lost 6476466767
31%
Won 7676
31%
Won 7676
31%
Melbourne 1 2021 (Atp 250) Stefano Travaglia
27%
Won 7564
23%
Washington 2021 (Atp 500) Mackenzie McDonald
23%
Won 6262
19%
Won 637663
19%
Won 6461
19%
European Open, Antwerp 2021 (Atp 250) Diego Schwartzman
19%
Open Sud De France Montpellier 2023 (Atp 250) Maxime Cressy
19%
Won 3636646463
15%
Won 6361
15%
Won 636475
15%
Won 676161
15%
Won 7662
15%
Sofia Open, Sofia 2020 (Atp 250) Vasek Pospisil
15%
Lost 5736
8%
Lost 764667
8%
Won 643676
4%
Lost 6746
4%
Lost 752626
4%
Won 754675
4%
Won 764663
4%
No matching quizzes found
Score Distribution
Percent of People with Each Score
Percentile by Number Answered
Your Score History
You have not taken this quiz since the last reset